XIII. sympózium: Syntéza a analýza liečiv a látok ovplyvňujúcich životné prostredie

Bibliographic Details
Main Author: Čižmárik, Jozef, 1943- (Author)
Format: Article
Language:Slovak
ISSN:1210-7816
Subjects:

MARC

LEADER 00000nab a2200000 a 4500
001 vtls000655825
003 SK-MaSNL
005 20260426081406.0
008 250426c1997 xo 0 slo
015 |a SNBRA1998/03-06628 
035 |a CLN000008017 
035 |a urn:nbn:sk:snk-abairz 
035 |a (urnnbn)urn:nbn:sk:snk:ar-007x4t 
035 |a (uuid)967eaf30-481f-4e57-bfd7-0fd7e3735d05 
040 |a SNKBUCL  |b slo  |c SNKBUCL  |e AACR2 
041 0 |a slo 
044 |a xo  |c SK 
080 |a 615.011:061.3  |2 1997 
100 1 |a Čižmárik, Jozef,  |d 1943-  |4 aut  |9 106710 
245 1 0 |a XIII. sympózium: Syntéza a analýza liečiv a látok ovplyvňujúcich životné prostredie  |c J. Čižmárik 
246 1 3 |a Trináste sympózium: Syntéza a analýza liečiv a látok ovplyvňujúcich životné prostredie 
611 1 7 |a Syntéza a analýza liečiv a látok ovplyvňujúcich životné prostredie  |n 13.  |d 1997  |c Bratislava, Slovensko  |2 snkbucl  |9 1396725 
650 0 7 |a liečivá  |x syntéza  |x analýza  |x sympóziá  |x 1997  |2 snkbucl  |9 1396726 
651 7 |a Bratislava (Slovensko)  |2 snkbucl  |9 14568 
655 7 |a články z novín a časopisov  |2 snkbucl  |9 267496 
773 0 |t Česká a slovenská farmacie  |g Roč. 46, č. 6 (1997), s. 286-287  |x 1210-7816 
850 |a Slovenská národná knižnica 
852 |a Slovenská národná knižnica 
954 |a odborná, vedecká literatúra pôvodná (slovenská)  |2 lita 
958 |a article14 
958 |a SK 
958 |a OND 
958 |a EUIPO 
999 |c 2841677  |d 2843607